| Tag |
First Indicator |
Second Indicator |
Subfields |
| LEADER |
00000cam a2200000 4500 |
| 001 |
in00000078519 |
| 005 |
20151008052825.0 |
| 008 |
720609s1960 nyu 00000 eng u |
| 010 |
|
|
|a 60005701
|
| 035 |
|
|
|a (OCoLC)00328738
|
| 035 |
|
|
|9 AAH5045AM
|
| 040 |
|
|
|c OSU
|d OCL
|d TXA
|d UtOrBLW
|
| 049 |
|
|
|a TXAM
|c [315954]
|
| 050 |
|
0 |
|a LB2346
|b .K55 1960
|
| 092 |
|
|
|a 371.59
|b K66c, 1960
|
| 100 |
1 |
|
|a Klopf, Gordon John,
|d 1917-
|
| 245 |
1 |
0 |
|a College student government. :
|b Foreword by Samuel B. Gould.
|
| 250 |
|
|
|a [Rev. and enl. ed.].
|
| 264 |
|
1 |
|a New York :
|b Harper,
|c [1960]
|
| 264 |
|
4 |
|c [©1960]
|
| 300 |
|
|
|a 108 pages ;
|c 22 cm.
|
| 336 |
|
|
|a text
|b txt
|2 rdacontent
|
| 337 |
|
|
|a unmediated
|b n
|2 rdamedia
|
| 338 |
|
|
|a volume
|b nc
|2 rdacarrier
|
| 500 |
|
|
|a Previously published under title: Student leadership and governmentin higher education.
|
| 504 |
|
|
|a Bibliography: pages 99-105.
|
| 650 |
|
0 |
|a Student government.
|
| 999 |
|
|
|a MARS
|
| 999 |
f |
f |
|s ec28feee-f2c1-3a5e-842c-0c71bc76b7b3
|i 8e847b63-aa00-3dab-bd6f-77a7a1889a64
|t 0
|
| 952 |
f |
f |
|p normal
|a Texas A&M University
|b College Station
|c Sterling C. Evans Library
|d Evans: Library Stacks
|t 0
|e LB2346 .K55 1960
|h Library of Congress classification
|i unmediated -- volume
|m A14800843112
|
| 998 |
f |
f |
|a LB2346 .K55 1960
|t 0
|l Evans: Library Stacks
|